Drapeaux des comtés anglais - Statistiques

Statistiques générales
  • Ce quiz a été pris 25 fois
  • Le résultat moyen est 14 sur 48
Statistiques - réponses
Par images Réponse % Correct
Cornwall
64%
East Riding of Yorkshire
64%
City of London
55%
Leicestershire
55%
Nottinghamshire
55%
Essex
45%
Kent
45%
North Yorkshire
45%
Oxfordshire
45%
South Yorkshire
45%
Berkshire
36%
Cambridgeshire
36%
Devon
36%
Lincolnshire
36%
Norfolk
36%
West Yorkshire
36%
Bedfordshire
27%
Buckinghamshire
27%
Dorset
27%
East Sussex
27%
Greater London
27%
Greater Manchester
27%
Isle of Wight
27%
Lancashire
27%
Suffolk
27%
Tyne and Wear
27%
Warwickshire
27%
Wiltshire
27%
Bristol
18%
Cheshire
18%
Cumbria
18%
Derbyshire
18%
Gloucestershire
18%
Hampshire
18%
Herefordshire
18%
Hertfordshire
18%
Merseyside
18%
Northamptonshire
18%
Northumberland
18%
Rutland
18%
Staffordshire
18%
Surrey
18%
West Sussex
18%
Worcestershire
18%
Durham
9%
Shropshire
9%
West Midlands
9%
Somerset
0%
Aucun quiz correspondant
Distribution des résultats
% des personnes avec chaque résultat
Percentile par nombre de réponses
Votre historique - résultats
Vous n’avez pas pris ce quiz